000 00567nam a2200193Ia 4500
005 20250326140743.0
008 250326s9999 xx 000 0 und d
037 _aTextbook
040 _aFMSL
_beng
_cFMSL
041 _aeng
_2eng
084 _aX:74 Q2
_qFMSL
100 _aBrinkkemper S
_9742983
245 0 _aCollaboration in outsourching: a journey to quality
_cBrinkkemper S; Jansen S
260 _aNY
_bNY, Palgrave Macmillan
_c2012
365 _b3572.4000000000001
650 _aManagement
942 _cTB
_hX:74 Q2
999 _c1287141
_d1287141